[Event "SLO-chT U20 Girls"]
[Site "Dobrna"]
[Date "2019.08.29"]
[Round "5"]
[White "Groselj, Jerneja"]
[Black "Cebron, Asja"]
[Result "0-1"]
[WhiteElo "1141"]
[BlackElo "1471"]
[PlyCount "80"]
[EventDate "2019.08.27"]
[EventType "team-swiss"]
[EventRounds "5"]
[EventCountry "SLO"]
[SourceTitle "EXT 2020"]
[Source "ChessBase"]
[SourceDate "2019.10.17"]
[SourceVersion "1"]
[SourceVersionDate "2019.10.17"]
[SourceQuality "1"]

1. e4 e5 2. Nf3 Nc6 3. Bb5 Nge7 4. d3 g6 5. 0-0 Bg7 6. Be3 0-0 7. c3 d6 8. h3 h6 9. Nbd2 Kh7 10. Re1 f5 11. exf5 gxf5 12. Nf1 f4 13. Bd2 Ng6 14. Bxc6 bxc6 15. d4 Bf5 16. dxe5 dxe5 17. N3h2 e4 18. Bc1 Qh4 19. Nd2 f3 20. gxf3 Qxh3 21. fxe4 Nh4 22. Qf3 Nxf3+ 23. Ndxf3 Bg4 24. Nxg4 Qxg4+ 25. Kf1 Qxf3 26. Be3 Bf6 27. Rad1 Rad8 28. Rxd8 Rxd8 29. a3 Rd1 30. Rxd1 Qxd1+ 31. Kg2 Qg4+ 32. Kf1 Qxe4 33. Ke2 Bg5 34. b4 Bxe3 35. fxe3 Kg6 36. Kf2 Kg5 37. Ke2 Kg4 38. a4 Qc2+ 39. Ke1 Kf3 40. Kf1 Qd1# 0-1

[Event "SLO-chT U20 Girls"]
[Site "Dobrna"]
[Date "2019.08.28"]
[Round "3"]
[White "Groselj, Jerneja"]
[Black "Petauer, Ana Marija"]
[Result "0-1"]
[WhiteElo "1141"]
[BlackElo "1508"]
[PlyCount "124"]
[EventDate "2019.08.27"]
[EventType "team-swiss"]
[EventRounds "5"]
[EventCountry "SLO"]
[SourceTitle "EXT 2020"]
[Source "ChessBase"]
[SourceDate "2019.10.17"]
[SourceVersion "1"]
[SourceVersionDate "2019.10.17"]
[SourceQuality "1"]

1. e4 e5 2. Nf3 Nc6 3. Bb5 Bc5 4. 0-0 Nd4 5. Nxd4 Bxd4 6. c3 Bb6 7. d3 Nf6 8. Bg5 h6 9. Bh4 c6 10. Ba4 d6 11. h3 g5 12. Bg3 Be6 13. Nd2 Qe7 14. Qe2 0-0-0 15. Bc2 h5 16. h4 Bg4 17. Qe1 Nd7 18. Bd1 gxh4 19. Bh2 Qg5 20. Kh1 Rdg8 21. Rg1 Rh7 22. Nf3 Qf6 23. Qd2 Rhg7 24. d4 h3 25. Qe3 hxg2+ 26. Rxg2 Bxf3 27. Bxf3 Rxg2 28. Bxg2 exd4 29. cxd4 Bxd4 30. Qf3 Kc7 31. Qxf6 Nxf6 32. Rb1 Ng4 33. Bg1 Bxf2 34. Bxf2 Nxf2+ 35. Kh2 Ng4+ 36. Kh3 Nf6 37. Rf1 Rg6 38. Bf3 Kd7 39. Kh4 Ke7 40. Bxh5 Rh6 41. Rf5 Rxh5+ 42. Rxh5 Nxh5 43. Kxh5 Ke6 44. Kg4 d5 45. exd5+ cxd5 46. Kf4 f5 47. Ke3 Ke5 48. a4 a5 49. Kf3 d4 50. b3 b6 51. Kf2 Ke4 52. Ke2 f4 53. Kf2 d3 54. Ke1 Ke3 55. Kd1 d2 56. Kc2 Ke2 57. Kb2 d1Q 58. Kc3 Qd3+ 59. Kb2 Kd2 60. Ka1 Qc2 61. b4 Kc1 62. b5 Qb2# 0-1

[Event "SLO-chT1 Central 19th"]
[Site "Slovenia"]
[Date "2018.11.15"]
[Round "9.3"]
[White "Banko, Franci"]
[Black "Groselj, Jerneja"]
[Result "1-0"]
[WhiteElo "1388"]
[BlackElo "1133"]
[PlyCount "135"]
[EventDate "2018.09.13"]
[EventType "team-tourn"]
[EventRounds "9"]
[EventCountry "SLO"]
[SourceTitle "EXT 2021"]
[Source "ChessBase"]
[SourceDate "2020.10.23"]
[SourceVersion "1"]
[SourceVersionDate "2020.10.23"]
[SourceQuality "1"]
[WhiteTeam "Trzin Pekos Pub"]
[BlackTeam "Domzale Tajfun"]
[WhiteTeamCountry "SLO"]
[BlackTeamCountry "SLO"]

1. d4 f5 2. c4 Nf6 3. Nc3 e6 4. Nf3 Be7 5. Bf4 0-0 6. Qc2 d5 7. cxd5 exd5 8. e3 c6 9. Bd3 Ne4 10. 0-0 Nd7 11. Bxe4 fxe4 12. Ne5 Nxe5 13. Bxe5 Qe8 14. f3 exf3 15. Rxf3 Rxf3 16. gxf3 Bh3 17. Qf2 Qg6+ 18. Qg3 Rf8 19. Qxg6 hxg6 20. Kf2 Bh4+ 21. Bg3 Bxg3+ 22. hxg3 Bg4 23. f4 g5 24. b4 gxf4 25. gxf4 a6 26. Rg1 Bf5 27. Rg5 Be6 28. Na4 b5 29. Nc5 Bc8 30. Nd3 Bf5 31. Ne5 Bb1 32. Nxc6 Bxa2 33. Ne7+ Kf7 34. Nxd5 Bxd5 35. Rxd5 Rc8 36. Rc5 Rd8 37. Rc6 Ra8 38. e4 a5 39. bxa5 Rxa5 40. Rb6 Ra4 41. Rxb5 Rxd4 42. Ke3 Rd6 43. e5 Rc6 44. Rd5 Ke6 45. Ke4 Rc4+ 46. Rd4 Rc5 47. f5+ Ke7 48. Kf4 Rc1 49. Rd3 Kf7 50. Rd7+ Kf8 51. e6 Rf1+ 52. Ke5 Re1+ 53. Kd6 Ke8 54. Rxg7 Rd1+ 55. Ke5 Re1+ 56. Kf6 Kd8 57. Rg8+ Kc7 58. Kf7 Kd6 59. Rd8+ Kc7 60. e7 Kc6 61. e8Q+ Rxe8 62. Kxe8 Kc7 63. f6 Kc6 64. f7 Kc7 65. f8Q Kc6 66. Qd6+ Kb7 67. Rd7+ Kc8 68. Qc7# 1-0

[Event "SLO-chT U20 Girls"]
[Site "Murska Sobota"]
[Date "2017.08.30"]
[Round "5"]
[White "Novak, Ajda"]
[Black "Groselj, Jerneja"]
[Result "0-1"]
[WhiteElo "1626"]
[BlackElo "1676"]
[PlyCount "88"]
[EventDate "2017.08.28"]
[EventType "team-swiss"]
[EventRounds "5"]
[EventCountry "SLO"]
[SourceTitle "EXT 2022"]
[Source "ChessBase"]
[SourceDate "2021.10.06"]
[SourceVersion "1"]
[SourceVersionDate "2021.10.06"]
[SourceQuality "1"]

1. e4 e5 2. Nf3 Nc6 3. Bc4 Bc5 4. c3 Nf6 5. d4 exd4 6. cxd4 Bb4+ 7. Nc3 Nxe4 8. 0-0 Bxc3 9. bxc3 0-0 10. Re1 d5 11. Bd3 Nxc3 12. Qc2 Ne4 13. Bxe4 dxe4 14. Rxe4 Bf5 15. Ba3 Bxe4 16. Qxe4 Re8 17. Qd3 Qf6 18. Rb1 b6 19. d5 Ne5 20. Nxe5 Qxe5 21. Qd2 Rad8 22. f4 Qe3+ 23. Qxe3 Rxe3 24. Bc1 Rd3 25. h3 R8xd5 26. Bb2 Rd1+ 27. Rxd1 Rxd1+ 28. Kh2 Rd2 29. Be5 Rxa2 30. Bxc7 b5 31. Bd6 a5 32. Kg1 b4 33. Kf1 b3 34. Be5 b2 35. Bxb2 Rxb2 36. Kg1 a4 37. Kh2 a3 38. Kg3 a2 39. Kh4 a1Q 40. g3 Qa6 41. Kg4 Qg6+ 42. Kf3 Rb3+ 43. Kg2 Qc2+ 44. Kg1 Rb1# 0-1

[Event "SLO-ch U10 Girls"]
[Site "Ptuj"]
[Date "2017.03.02"]
[Round "7"]
[White "Groselj, Jerneja"]
[Black "Grubelnik, Klara"]
[Result "1-0"]
[WhiteElo "1604"]
[BlackElo "1527"]
[PlyCount "71"]
[EventDate "2017.02.27"]
[EventType "swiss"]
[EventRounds "9"]
[EventCountry "SLO"]
[SourceTitle "CBM 177 Extra"]
[Source "ChessBase"]
[SourceDate "2017.04.27"]
[SourceVersion "1"]
[SourceVersionDate "2017.04.27"]
[SourceQuality "1"]

1. e4 e5 2. Nf3 Nc6 3. Bc4 Nf6 4. Nc3 Bb4 5. a3 Bxc3 6. dxc3 0-0 7. Qe2 d6 8. h3 a6 9. 0-0 b5 10. Ba2 d5 11. exd5 Nxd5 12. Nxe5 Bb7 13. Nxc6 Bxc6 14. Qg4 Bd7 15. Qg3 Qe8 16. Bh6 Bg4 17. Qxg4 Qe5 18. Rae1 Qf6 19. Bd2 c6 20. Re2 Rae8 21. Rxe8 Rxe8 22. Re1 Nc7 23. Re3 Rd8 24. Be1 Qd6 25. Rd3 Nd5 26. c4 Re8 27. Bc3 Nxc3 28. Rxd6 Nxa2 29. Qd4 Re1+ 30. Kh2 h6 31. Rd8+ Kh7 32. Qd3+ g6 33. Rd6 Kg8 34. Rd8+ Kh7 35. Qd4 Nc1 36. Qh8# 1-0

[Event "SLO-ch U10 Girls"]
[Site "Ptuj"]
[Date "2017.03.01"]
[Round "6"]
[White "Groselj, Jerneja"]
[Black "Guid, Taja"]
[Result "0-1"]
[WhiteElo "1604"]
[BlackElo "1227"]
[PlyCount "62"]
[EventDate "2017.02.27"]
[EventType "swiss"]
[EventRounds "9"]
[EventCountry "SLO"]
[SourceTitle "CBM 177 Extra"]
[Source "ChessBase"]
[SourceDate "2017.04.27"]
[SourceVersion "1"]
[SourceVersionDate "2017.04.27"]
[SourceQuality "1"]

1. e4 c5 2. Nf3 e6 3. c3 Nf6 4. e5 Nd5 5. d4 cxd4 6. cxd4 Nc6 7. Bd3 d6 8. exd6 Bxd6 9. 0-0 0-0 10. Qe2 f5 11. Nc3 Nxc3 12. bxc3 Kh8 13. Qe3 e5 14. d5 e4 15. Ne1 exd3 16. dxc6 bxc6 17. Qxd3 h6 18. Qd4 Qf6 19. Qd3 a5 20. Nf3 Ba6 21. Qd1 Bxf1 22. Kxf1 Rfd8 23. Bd2 Bf4 24. Rc1 Bxd2 25. Nxd2 Rd3 26. Qc2 Rad8 27. Nf3 R8d5 28. Ne1 Rd2 29. Qb3 Qh4 30. g3 Qxh2 31. Ng2 Qh1# 0-1